000 00662nam a2200205Ii 4500
003 JO-AjNU
008 230605s9999||||xx |||||||||||||| ||und||
040 _aJO-AjNU
_bara
_erda
_cJO-AjNU
041 _aara
050 1 4 _aBP173.6.A27 1977
100 3 _aأبو زهرة، محمد,
_eauthor
_937224
245 0 0 _aالوحدة الإسلامية
250 _aط2
264 3 1 _aد.م: دار الفكر العربي، 1977
300 _a343ص
336 _atext
_btxt
_2rdacontent
337 _aunmediated
_bn
_2rdamedia
338 _avolume
_bnc
_2rdacarrier
650 4 _aالوحدة الاسلامية- الاسلام والاصلاح السياسي
_937225
999 _aA15534
_c19102
_d19102